书目信息 |
| 题名: |
科学养蝎彩色图说
|
|
| 作者: | 王金民 编著 | |
| 分册: | ||
| 出版信息: | 北京 中国农业出版社 2003 |
|
| 页数: | 117页 | |
| 开本: | 21cm | |
| 丛书名: | ||
| 单 册: | ||
| 中图分类: | S865.4-64 | |
| 科图分类: | ||
| 主题词: | 蝎子--养殖--图解 , 蝎子 , 养殖 | |
| 电子资源: | ||
| ISBN: | 7-109-08251-2 | |
| 000 | 00786nam0 2200253 45 | |
| 001 | 012005600633 | |
| 005 | 20070109150406.90 | |
| 010 | @a7-109-08251-2@dCNY25.00 | |
| 092 | @aCN@b460852 | |
| 100 | @a20050812d2003 em y0chiy0120 ea | |
| 101 | 0 | @achi |
| 102 | @aCN@b110000 | |
| 105 | @aa z 000yy | |
| 200 | 1 | @a科学养蝎彩色图说@9ke xue yang xie cai se tu shuo@f王金民编著 |
| 210 | @a北京@c中国农业出版社@d2003 | |
| 215 | @a117页@d21cm | |
| 330 | @a 本书图文并茂,结合多幅图画,运用通俗易懂的文字,介绍了蝎子的生物学特征、恒温养蝎工作程序、农村养蝎最佳致富模式等内容。 | |
| 606 | 0 | @a蝎子@x养殖@j图解 |
| 606 | 0 | @a蝎子 |
| 606 | 0 | @a养殖 |
| 690 | @aS865.4-64@v4 | |
| 701 | 0 | @a王金民@9wang jin min@4编著 |
| 801 | 0 | @aCN@bLZJBOOK@c20070109 |
| 905 | @a10447@dS865.4-64@e62 | |
| 科学养蝎彩色图说/王金民编著.-北京:中国农业出版社,2003 |
| 117页;21cm |
| ISBN 7-109-08251-2:CNY25.00 |
| 本书图文并茂,结合多幅图画,运用通俗易懂的文字,介绍了蝎子的生物学特征、恒温养蝎工作程序、农村养蝎最佳致富模式等内容。 |
| ● |
| 相关链接 |
|
|
|
|
正题名:科学养蝎彩色图说
索取号:S865.4-64/62
 
预约/预借
| 序号 | 登录号 | 条形码 | 馆藏地/架位号 | 状态 | 备注 |
| 1 | 0552471 | 205524716 | 第二样本阅览室/ [索取号:S865.4-64/62] | 在馆 | |
| 2 | 0552472 | 205524725 | 第三借阅区/ [索取号:S865.4-64/62] | 在馆 | |
| 3 | 0552473 | 205524734 | 第三借阅区/ [索取号:S865.4-64/62] | 在馆 | |
| 4 | 0552474 | 205524743 | 第三借阅区/ [索取号:S865.4-64/62] | 在馆 | |
| 5 | 0552475 | 205524752 | 密集书库/ [索取号:S865.4-64/62] | 在馆 | |
| 6 | 0552476 | 205524761 | 密集书库/ [索取号:S865.4-64/62] | 在馆 | |
| 7 | 0552477 | 205524770 | 第三借阅区/ [索取号:S865.4-64/62] | 在馆 | |
| 8 | 0552478 | 205524789 | 密集书库/ [索取号:S865.4-64/62] | 在馆 |